LEADER 01217nam a2200289 i 4500 001 000000059072 003 CaOOAMICUS 005 20070823000000.0 008 070823s1996 it u000 u ita u 013 $a30244 020 $a88-17-11129-5 040 $aSeMil$bita 100 1 $aUndset, Sigrid,$d<1882-1949>.$0(OLS)http://semarc/name/30144 245 10$aKristin figlia di Lavrans /$cSigrid Undset ; introduzione di Davide Rondoni ; traduzione di Evelina Bocca. 260 $aMilano :$bRizzoli,$c1996. 300 $aVIII, 695 p. ;$c20 cm. 490 0 $aI libri dello spirito cristiano 500 $aContiene : Nota bibliografica. 700 1 $aBocca, Evelina.$0(OLS)http://semarc/name/27448 700 1 $aRondoni, Davide,$d<1964- >.$0(OLS)http://semarc/name/7286 830 2$aI libri dello spirito cristiano.$0(OLS)http://semarc/title/9336 850 $aSeMil 852 $aSeMil$W1$xVenegono$y1$m1W III 184$j245803$B25225$CSeMilBibl$Z2$F25228 $81 961 $aOmaggio: Rimoldi mons. Antonio 996 $6020$a88-17-11129-5$9(OLS)http://semarc/number/34861 996 $6245$aKristin figlia di Lavrans$9(OLS)http://semarc/title/92228 996 $6260$aMilano :$bRizzoli$9(OLS)http://semarc/publisher/29824 LEADER 01562nam a2200241 i 4500 001 000000028781 003 CaOOAMICUS 005 20230424101228.0 008 180830s1769 fr u000 u fre u 040 $aSeMil$bita 100 1 $aDu Marsais, Cesar Chesneau,$d<1676-1756>.$0(OLS)http://semarc/name/3213 245 10$aLogique et principes de grammaire, par m. Du Marsais. Ouvrages posthumes en partie, & en partie extraits de plusieurs traités qui ont deja paru de cet auteur. 1. [2.] partie. 264 1$aA Paris :$bChez Briasson, libraire, rue S. Jacques : [chez] Le Breton, premier imprimeur du Roi, rue de la Harpe : [chez] Herissant fils, libraire, rue S. Jacques,$c1769. 300 $a2 v. ;$c12°. 500 $aCors. ; rom. 700 1 $aLe Bréton, André François,$c.$0(OLS)http://semarc/name/13149 700 1 $aHerissant, Jean Thomas$b<2.,$cEditore,$d1763-1799?>.$0(OLS)http://semarc/name/7503 700 1 $aBriasson, Antoine-Claude,$c.$0(OLS)http://semarc/name/3215 774 0 $t1. partie.$g1$w()222250 774 0 $t2. partie.$g2$w()222251 996 $6245$aLogique et principes de grammaire, par m. Du Marsais. Ouvrages posthumes en partie, & en partie extraits de plusieurs traités qui ont deja paru de cet auteur. 1. [2.] partie$9(OLS)http://semarc/title/39066 996 $6264$aA Paris :$bChez Briasson, libraire, rue S. Jacques : [chez] Le Breton, premier imprimeur du Roi, rue de la Harpe : [chez] Herissant fils, libraire, rue S. Jacques$9(OLS)http://semarc/publisher/37871